| 000 | 01167nam0a22002531 4500 | ||
|---|---|---|---|
| 001 | v19\rc\1722343 | ||
| 005 | 20250619041145.0 | ||
| 035 | _a(NLR Aleph) 004819718 | ||
| 090 |
_a5006414 _c5006414 |
||
| 100 | _a20061002d1901 |||y0rusy50 ca | ||
| 101 | 0 | _arus | |
| 102 | _aRU | ||
| 105 | _ay z |||a| | ||
| 200 | 1 |
_aВеселые мотивы _eСб. муж. и жен. куплетов, юморист. анекдотов, рассказов, сценок и пословиц _eРепертуар известнейш. артисток, артистов и лучших авт.: г.г. Иванова, Александрова [и др.] _fСобр., [сост. из раз. источников] и изд. С.С. Полятус |
|
| 210 |
_aОдесса _cтип. Гальперина и Швейцера _d1901 |
||
| 215 |
_a36 с. _d22х11 |
||
| 300 | _aПодзаг. обл.: "Избр. куплеты муж. и жен. на любимые мотивы" | ||
| 702 | 1 |
_aПолятус _bС.С. _4220 _4650 |
|
| 801 | 0 |
_aRU _bNLR _gpsbo |
|
| 801 | 0 |
_aRU _bRuMoRGB _2psbo |
|
| 801 | 1 |
_aRU _bProSoft-M _2rusmarc |
|
| 852 |
_aNLR _j18.334.2.467 |
||
| 942 | _cBOOK | ||
| 980 | _aNB | ||